LEADER 01237nam a2200277 u 4500 001 000000062443 003 CaOOAMICUS 005 20070226121132.0 008 010928s1959 fr u000 u fre u 035 $a10904711 040 $aPUL(R)$bita 100 1 $aLallemant, Louis,$cS. I.,$d1588-1635.$0(OLS)http://pul/name/42546 245 13$aLa vie et la doctrine spirituelle du Père Louis Lallemant de la Compagnie de Jésus /$cLouis Lallemant ; introduction et notes par Francois Courel. 260 $aParis :$bDesclée de Brouwer,$c1959. 300 $a407 p. ;$c18 cm 490 1 $aCollection Christus.$aTextes ;$v1 500 $aContiene indice. 504 $aBibliografia in nota. 650 4$aSpiritualità.$0(OLS)http://pul/subject/843 700 1 $aCourel, Francois.$0(OLS)http://pul/name/42547 830 0$aCollection Christus.$pTextes ;$v1.$0(OLS)http://pul/title/83315 850 $aPUL 852 $aPUL$W1$xDP2 Religione 1$y63$m41 L 2.3$j123353$nBK-PRI$qStampati$B81194$CPULBib$Z2$F81194 $82 941 1 $a8 996 $6245$aLa vie et la doctrine spirituelle du Père Louis Lallemant de la Compagnie de Jésus$9(OLS)http://pul/title/83314 996 $6260$aParis :$bDesclée de Brouwer$9(OLS)http://pul/publisher/49456 LEADER 01753nam a2200337 u 4500 001 000000109183 003 CaOOAMICUS 005 20080123110714.0 008 080123s2006 it u000 u ita u 020 $a88-495-1211-2 040 $aPUL$bita$dBc 245 00$aPersona, famiglia e successioni nella giurisprudenza costituzionale /$ca cura di Michele Sesta e Vincenzo Cuffaro. 260 $aNapoli :$bEdizioni scientifiche italiane,$cc2006. 300 $axxi, 958 p. ;$c25 cm. 490 1 $aCinquanta anni della Corte costituzionale della Repubblica italiana ;$v12. 500 $aSul front.: Società italiana degli studiosi del diritto civile. 504 $aInclude riferimenti bibliografici 610 14$aItalia.$bCorte costituzionale.$0(OLS)http://pul/subject/2393 650 4$aGiurisprudenza costituzionale.$0(OLS)http://pul/subject/20469 650 4$aDiritto di famiglia.$0(OLS)http://pul/subject/5174 650 4$aPersone (diritto).$0(OLS)http://pul/subject/33872 700 1 $aCuffaro, Vincenzo,$d1951-$0(OLS)http://pul/name/48395 700 1 $aSesta, Michele.$0(OLS)http://pul/name/39038 830 0$aCinquanta anni della Corte costituzionale della Repubblica italiana ;$v12.$0(OLS)http://pul/title/135471 850 $aPUL 852 $aPUL$W1$xSL Diritto e Scienze Sociali 3$y79$m342. 45 CORTE 1.12$j124758$av. 12$qDDC 21$B123504$CPULBib$Z2$F123504 $H106188 $82 941 1 $a9 960 $aCorte costituzionale (Italia)$92393 996 $6020$a88-495-1211-2$9(OLS)http://pul/number/136798 996 $6245$aPersona, famiglia e successioni nella giurisprudenza costituzionale$9(OLS)http://pul/title/137362 996 $6260$aNapoli :$bEdizioni scientifiche italiane$9(OLS)http://pul/publisher/48388